Statistics for Obfuscations of Musical Artists

Click here to take the quiz!

General Stats

  • This quiz has been taken 22 times
  • The average score is 7 of 15

Answer Stats

HintAnswer% Correct
A period of 24 hours made up of a color containing Blue and YellowGreen Day
90%
7x3 operators of aviatory vehiclestwenty - one pilots
75%
10 nickel50 Cent
70%
A person whos job entails showing wedding guests to their seatsUsher
70%
A small green vegetable with a dark pupilBlack - Eyed Peas
60%
Fate's OffspringDestiny's Child
60%
Child StoneKid Rock
55%
A district - operated natural area named after the 16th presidentLinkin Park
50%
Small male children residing on land made adjacent to water and made up of tiny rock fragmentsThe Beach Boys
50%
HeavenNirvana
45%
A large German war blimp made with the element eith the symbol PbLed Zepplin
35%
Investigating PuppySnoop Dogg
30%
The turning of Curcurbita Pepo into smithereensThe Smashing Pumpkins
25%
A small amount of countries bearing a government system where one representative is elected to leadOneRepublic
10%
Malicious Oryctolagus CuniculusBad Bunny
5%

Score Distribution

Percentile by Number Answered

Percent of People with Each Score

Your Score History

You have not taken this quiz